Poverty and sustainable development in Asia : (Record no. 38387)
[ view plain ]
| 000 -LEADER | |
|---|---|
| fixed length control field | 01054nam a22002537a 4500 |
| 005 - DATE AND TIME OF LATEST TRANSACTION | |
| control field | 20100731114425.0 |
| 010 ## - LCCN (DPL NO) | |
| LC control number | ENG-97334 |
| 020 ## - INTERNATIONAL STANDARD BOOK NUMBER | |
| International Standard Book Number | 9789715619004 |
| Terms of availability | 150.00 |
| 035 ## - SYSTEM CONTROL NUMBER | |
| System control number | EN-80867 |
| 037 ## - SOURCE OF ACQUISITION | |
| Source of stock number/acquisition | DBAD/PUB |
| 082 ## - DEWEY DECIMAL CLASSIFICATION NUMBER | |
| Classification number | 338.959 |
| 245 ## - TITLE STATEMENT | |
| Title | Poverty and sustainable development in Asia : |
| Remainder of title | impacts and response to the global economic crisis / |
| Statement of responsibility, etc | edited by Armin Bauer [and] Myo Thant |
| 260 ## - PUBLICATION, DISTRIBUTION, ETC. (IMPRINT) | |
| Place of publication, distribution, etc | Philippines |
| Name of publisher, distributor, etc | Asian Development Bank |
| Date of publication, distribution, etc | 2010 |
| 270 ## - ADDRESS | |
| Address | 6 ADB Avenue, Mandaluyong City 1550 Metro Manila, |
| City | Philippines |
| 300 ## - PHYSICAL DESCRIPTION | |
| Extent | xi, 536p.: |
| Other physical details | ill. |
| Dimensions | 23cm, (Hb) |
| 500 ## - GENERAL NOTE | |
| General note | includes references |
| 650 ## - SUBJECT ADDED ENTRY--TOPICAL TERM | |
| Topical term or geographic name as entry element | Poverty - Government policy |
| 650 ## - SUBJECT ADDED ENTRY--TOPICAL TERM | |
| Topical term or geographic name as entry element | Sustainable development - Environmental apects |
| 650 ## - SUBJECT ADDED ENTRY--TOPICAL TERM | |
| Topical term or geographic name as entry element | Minorities - Government policy |
| 700 ## - ADDED ENTRY--PERSONAL NAME | |
| Personal name | Bauer, Armin |
| 9 (RLIN) | 3064 |
| 700 ## - ADDED ENTRY--PERSONAL NAME | |
| Personal name | Thant, Myo |
| 9 (RLIN) | 3065 |
| 942 ## - ADDED ENTRY ELEMENTS (KOHA) | |
| Source of classification or shelving scheme | Dewey Decimal Classification |
| Item type | English Books |
| Classification part | 338.959 |
| Call number suffix | POV |
| Withdrawn status | Lost status | Not for loan | Collection code | Home library | Current library | Date acquired | Source of acquisition | Cost, normal purchase price | Full call number | Barcode | Copy number | Cost, replacement price | Koha item type |
|---|---|---|---|---|---|---|---|---|---|---|---|---|---|
| Not For Loan | Non-fiction | D.B.Act.Division | D.B.Act.Division | 31/07/2010 | DBAD/PUB | 150.00 | 338.959 POV | EN-80867 | 1 | 150.00 | English Books |
